The Nanosecond Frequency Electron Accelerator; EAPPC with BEAMS and MEGAGAUSS, 2016 Estoril [EAPPC 2016, 6th Euro-Asian Pulsed Power Conference ; BEAMS 2016, 21st International Conference on High-Power Particle Beams ; MG-XV, 15th International Conference on Megagauss Magnetic Field Generation and Rlated Tpics]

Detalles Bibliográficos
Parent link:EAPPC with BEAMS and MEGAGAUSS, 2016 Estoril [EAPPC 2016, 6th Euro-Asian Pulsed Power Conference ; BEAMS 2016, 21st International Conference on High-Power Particle Beams ; MG-XV, 15th International Conference on Megagauss Magnetic Field Generation and Rlated Tpics].— 2016.— P. 195
Autores Corporativos: Национальный исследовательский Томский политехнический университет (ТПУ) Институт физики высоких технологий (ИФВТ) Лаборатория № 1, Национальный исследовательский Томский политехнический университет (ТПУ) Институт неразрушающего контроля (ИНК) Лаборатория № 42 (Сильноточных бетатронов)
Otros Autores: Nashilevskiy A. V. Aleksandr Vladimirovich, Ezhov V. V. Vitali Vladimirovich, Remnev G. E. Gennady Efimovich, Poloskov A. V. Artem Viktorovich, Kanaev G. G. Gennady Grigorevich, Egorov I. S. Ivan Sergeevich
Sumario:В фонде НТБ ТПУ отсутствует
Lenguaje:inglés
Publicado: 2016
Materias:
Formato: Capítulo de libro
KOHA link:https://koha.lib.tpu.ru/cgi-bin/koha/opac-detail.pl?biblionumber=602725

MARC

LEADER 00000naa0a2200000 4500
001 602725
005 20260317071559.0
035 |a (RuTPU)RU\TPU\tpu\28968 
035 |a RU\TPU\tpu\28967 
090 |a 602725 
100 |a 20170419d2016 k||y0rusy50 ba 
101 0 |a eng 
102 |a PT 
200 1 |a The Nanosecond Frequency Electron Accelerator  |f A. V. Nashilevskiy [et al.] 
333 |a В фонде НТБ ТПУ отсутствует 
463 1 |t EAPPC with BEAMS and MEGAGAUSS, 2016 Estoril [EAPPC 2016, 6th Euro-Asian Pulsed Power Conference ; BEAMS 2016, 21st International Conference on High-Power Particle Beams ; MG-XV, 15th International Conference on Megagauss Magnetic Field Generation and Rlated Tpics]  |o Cascais and The Estoril Coast-Portugal 18 to 22 Septrmber 2016 : abstracts  |v P. 195  |d 2016 
610 1 |a труды учёных ТПУ 
610 1 |a ускорители электронов 
610 1 |a наносекундный ускоритель 
701 1 |a Nashilevskiy  |b A. V.  |c specialist in the field of electrical engineering  |c Associate Scientist of Tomsk Polytechnic University, engineer  |f 1985-  |g Aleksandr Vladimirovich  |3 (RuTPU)RU\TPU\pers\34507 
701 1 |a Ezhov  |b V. V.  |c physicist  |c engineer of Tomsk Polytechnic University  |f 1981-  |g Vitali Vladimirovich  |3 (RuTPU)RU\TPU\pers\34517 
701 1 |a Remnev  |b G. E.  |c physicist  |c Professor of Tomsk Polytechnic University, Doctor of technical sciences  |f 1948-  |g Gennady Efimovich  |3 (RuTPU)RU\TPU\pers\31500 
701 1 |a Poloskov  |b A. V.  |c physicist  |c Engineer of Tomsk Polytechnic University  |f 1990-  |g Artem Viktorovich  |3 (RuTPU)RU\TPU\pers\32794  |9 16652 
701 1 |a Kanaev  |b G. G.  |c physicist  |c Engineer-designer of Tomsk Polytechnic University, Candidate of technical sciences  |f 1952-  |g Gennady Grigorevich  |3 (RuTPU)RU\TPU\pers\33503 
701 1 |a Egorov  |b I. S.  |c physicist  |c Researcher of Tomsk Polytechnic University, Candidate of technical sciences  |f 1985-  |g Ivan Sergeevich  |y Tomsk  |3 (RuTPU)RU\TPU\pers\32792  |9 16650 
712 0 2 |a Национальный исследовательский Томский политехнический университет (ТПУ)  |b Институт физики высоких технологий (ИФВТ)  |b Лаборатория № 1  |3 (RuTPU)RU\TPU\col\19035 
712 0 2 |a Национальный исследовательский Томский политехнический университет (ТПУ)  |b Институт неразрушающего контроля (ИНК)  |b Лаборатория № 42 (Сильноточных бетатронов)  |3 (RuTPU)RU\TPU\col\19919 
801 1 |a RU  |b 63413507  |c 20170419 
801 2 |a RU  |b 63413507  |c 20170419  |g RCR 
942 |c BK